000
00416nam a22001217a 4500
008
110610t xxu||||| |||| 00| 0 eng d
010
_a
SCCAF 19
245
_a
Supreme Court Civil Appeal No. 6 of 1989 Francis Butagira Vs Deborah Namukasa.
260
_c
1989
500
_a
B.F.B. Bigumira
500
_a
Taxation Ruling.
999
_c
2608
_d
2608